=LDR 00000nam 2200000 4500 =001 INLIS000000000048039 =005 20160404140910.0 =006 =007 =008 =020 ##$$a 3-570-04627-3 =035 ##$$0010-041600000000020 =082 ##$$a 716 =090 ##$$a 716 $b Eva t =100 ##$$a Evans Hazel =245 ##$$a Terrassen and Innenhofe : Plonen Bepftonzon Aunstatten / $c Hazel Evans =260 ##$$a Munchen : $b Mosaik Venlag , $c 1989 =300 ##$$a 167 hlm . : $b ilus . ; $c 22 cm =650 ##$$a Arsitek - Pertamanan =990 ##$$a 0001/BPAP-NTB/2016